|
|
|
|
| LEADER |
01902nam a2200493 i 4500 |
| 001 |
nkc20213322385 |
| 003 |
CZ PrNK |
| 005 |
20210628094411.0 |
| 007 |
ta |
| 008 |
210503s2021 xr a e f 000 0 cze |
| 015 |
|
|
|a cnb003322385
|
| 020 |
|
|
|a 978-80-902202-7-0
|q (brožováno)
|
| 035 |
|
|
|a (OCoLC)1260124529
|
| 040 |
|
|
|a OLA001
|b cze
|e rda
|
| 043 |
|
|
|a e------
|
| 072 |
|
7 |
|a 656.1/.5
|x Pozemní doprava
|2 Konspekt
|9 4
|
| 080 |
|
|
|a 656.125
|2 MRF
|
| 080 |
|
|
|a 656.073.436
|2 MRF
|
| 080 |
|
|
|a 341.24
|2 MRF
|
| 080 |
|
|
|a (4)
|2 MRF
|
| 080 |
|
|
|a (035)
|2 MRF
|
| 100 |
1 |
|
|a Miletín, Jiří
|7 xx0000185
|4 aut
|
| 245 |
1 |
0 |
|a ADR 2021 :
|b přeprava nebezpečných věcí po silnici dle Dohody o mezinárodní silniční přepravě nebezpečných věcí : příručka pro školení řidičů a osob podílejících se na přepravě nebezpečných věcí dle Dohody ADR /
|c Jiří Miletín, Pavel Konečný
|
| 250 |
|
|
|a 1. vydání
|
| 264 |
|
1 |
|a Praha :
|b M Konzult s.r.o.,
|c 2021
|
| 300 |
|
|
|a 159 stran :
|b ilustrace (některé barevné) ;
|c 21 cm
|
| 336 |
|
|
|a text
|b txt
|2 rdacontent
|
| 337 |
|
|
|a bez média
|b n
|2 rdamedia
|
| 338 |
|
|
|a svazek
|b nc
|2 rdacarrier
|
| 500 |
|
|
|a 6000 výtisků
|
| 650 |
0 |
7 |
|a nákladní automobilová doprava
|7 ph123408
|2 czenas
|
| 650 |
0 |
7 |
|a přeprava nebezpečného nákladu
|7 ph137279
|2 czenas
|
| 650 |
0 |
7 |
|a mezinárodní smlouvy
|7 ph122825
|z Evropa
|2 czenas
|
| 650 |
0 |
9 |
|a freight truck transport
|2 eczenas
|
| 650 |
0 |
9 |
|a transportation of hazardous substances
|2 eczenas
|
| 650 |
0 |
9 |
|a international treaties
|z Europe
|2 eczenas
|
| 655 |
|
7 |
|a příručky
|7 fd133209
|2 czenas
|
| 655 |
|
9 |
|a handbooks and manuals
|2 eczenas
|
| 700 |
1 |
|
|a Konečný, Pavel
|7 mzk2013766406
|4 aut
|
| 910 |
2 |
|
|a BOA001
|b 2-1468.205
|
| 990 |
|
|
|a BK
|
| 995 |
|
|
|a 01
|
| 991 |
|
|
|b 202106
|c NOV
|
| 996 |
6 |
|
|b 2610866937
|c 2-1468.205
|l MZK
|r Sklad / do 1 hodiny
|n 1
|p p.v.
|w 001853511
|u 000010
|a 1
|e BOA001
|j MZK50
|s P
|